زخارف عربيّة (notice n° 9677)
[ vue normale ]
| 000 -Label | |
|---|---|
| leader | 02228nam a2200217 4500 |
| 099 ## - Informations locales | |
| Type de document | Livre |
| 100 ## - Données générales de traitement | |
| a | 20260507d u||y0frey5050 ba |
| 101 ## - Langue | |
| langue document | arabe |
| 102 ## - Pays d'édition ou de production | |
| pays d'édition | Tunisie |
| 200 ## - Titre | |
| titre propre | زخارف عربيّة |
| type de document | Livre |
| auteur | نور الدين صمود |
| 205 ## - Mention d'édition | |
| mention d'édition | الطبعة الأولى |
| 210 ## - Editeur | |
| lieu de publication | Tunis تونس |
| nom de l'éditeur | الشركة الوطنية للتوزيع |
| date de publication | 1976 |
| 215 ## - Description | |
| Importance matérielle | 104 p. |
| autres carac. | couv.ill.coul. |
| format | 20.5 x 14 |
| 300 ## - Note | |
| note | الطبعة الأولى |
| 330 ## - Résumé | |
| Résumé | اهتمّ العرب القدامى بألوان طريقة من الزخرفة تعتمد على ما تمتاز به الحروف العربيّة من مميّزات قد لا توجد في لغات أخرى، فإنّ عدم لزوم الشكل لكلماتها مثلا يجعل كثيرا منها يُقرأ بعدّة أشكال، لذلك قيل عنها إنّها «لغة تفهم قبل أن تقرأ .» وقد استغلّ بعض الشعراء والكتّاب هذا الجانب فكتبوا نماذج طريفة من النصوص )قصائد أو مقطوعات أو أبيات أو مقالات أو جمل أو كلمات( وحاولوا فيها إبراز براعتهم أو براعة اللغة العربية. من ذلك بعض القصائد التي يمكن أن تقرأ طردا وعكسا، ومنها قصائد في المدح إذا غيّرت فيها نقط بعض الحروف صارت هجاء، ومنها قصائد جميع حروفها منقوطة وأخرى جميع حروفها خالية من النقط. وتوجد مقطوعات إذا قرأتها طردا كانت مدحا وإذا قرأتها عكسا كانت هجاء، وأخرى إذا حسبت حروفها بطريقة حساب الجمّل وجدت تاريخا معيّنا. وفي عصرنا الحاضر، صرنا نعتبر أنّ هذه الزخارف أبعد ما تكون عن روح الأدب، وإنما هي لون من الزخرفة طريف يمتع أهل الذوق بنوادره وعجائبه. |
| 606 ## - sujets | |
| sujet | Art dans le monde arabe |
| subdiv. sujet | Ornementation |
| -- | Calligraphie |
| -- | Arabesque |
| subdiv. géo. | Tunisie |
| koha internal code | 26921 |
| 700 ## - Auteur | |
| code de fonction | Auteur |
| auteur | Sammoud |
| prénom | Noureddine |
| koha internal code | 26922 |
| 801 ## - source de catalogage | |
| pays | TN |
| agence de catalogage | 32BIS |
| date de la transaction | 20260507 |
| règles de catalogage utilisées | UNIMARC |
| 830 ## - note | |
| catalogeur | ABA |
| Propriétaire | Dépositaire | Localisation | Code barre | Numéro Inventaire | Cote | Note | Statut |
|---|---|---|---|---|---|---|---|
| The 32bis Library | The 32bis Library | Salle de lecture 32BIS | 007497 | 7413 | 709.176 SAM | Dépôt MAB | Consultable sur place |